SQL server 7 developer's guide

SQL server 7 developer's guide combines start-to-finish coverage of core SQL server 7 concepts with step-by-step programming examples in text and on CD-ROM. It also provides special tutorials on relational database concepts and building SQL statements - plus a complete guide to using Visual Bas...

Ausführliche Beschreibung

Gespeichert in:
Bibliographische Detailangaben
1. Verfasser: Otey, Michael
Format: Buch
Sprache:Undetermined
Veröffentlicht: Berkeley, California Osborne McGraw-Hill 1999
Schlagworte:
Tags: Tag hinzufügen
Keine Tags, Fügen Sie den ersten Tag hinzu!
Thư viện lưu trữ: Trung tâm Học liệu Trường Đại học Cần Thơ
LEADER 01082nam a2200193Ia 4500
001 CTU_32486
008 210402s9999 xx 000 0 und d
082 |a 005.7585 
082 |b O.87 
100 |a Otey, Michael 
245 0 |a SQL server 7 developer's guide 
245 0 |c Michael Otey, Paul Conte 
260 |a Berkeley, California 
260 |b Osborne McGraw-Hill 
260 |c 1999 
520 |a SQL server 7 developer's guide combines start-to-finish coverage of core SQL server 7 concepts with step-by-step programming examples in text and on CD-ROM. It also provides special tutorials on relational database concepts and building SQL statements - plus a complete guide to using Visual Basic for SQL server application development 
650 |a SQL (computer program language),Computer programming (electronic computers),Database administration,SQL (ngôn ngữ lập trình máy tính),Chương trình máy tính (máy tính điện tử),Quản trị dữ liệu 
904 |i Minh, Hải 
980 |a Trung tâm Học liệu Trường Đại học Cần Thơ